Normal view
MARC view
- الاستثمار الخاص-المشاريع الاستثمارية
Entry Topical Term
001 - CONTROL NUMBER
- control field: 63920
003 - CONTROL NUMBER IDENTIFIER
- control field: JO-AjAnu
005 - DATE AND TIME OF LATEST TRANSACTION
- control field: 20230606084430.0
008 - FIXED-LENGTH DATA ELEMENTS
- fixed length control field: 230606|| aca||aabn | a|a d
040 ## - CATALOGING SOURCE
- Original cataloging agency: JO-AjAnu
- Transcribing agency: JO-AjAnu
150 ## - HEADING--TOPICAL TERM
- Topical term or geographic name entry element: الاستثمار الخاص-المشاريع الاستثمارية
670 ## - SOURCE DATA FOUND
- Source citation: Work cat.: (JO-AjAnu)32586: تاليف نمر، عمر, author 63919, الاستثمار في المشاريع الخاصة